<?xml version="1.0" encoding="UTF-8"?><?xml-stylesheet type="text/xsl" href="static/style.xsl"?><OAI-PMH xmlns="http://www.openarchives.org/OAI/2.0/" xmlns:xsi="http://www.w3.org/2001/XMLSchema-instance" xsi:schemaLocation="http://www.openarchives.org/OAI/2.0/ http://www.openarchives.org/OAI/2.0/OAI-PMH.xsd"><responseDate>2026-04-13T15:15:32Z</responseDate><request verb="GetRecord" identifier="oai:www.recercat.cat:11351/13870" metadataPrefix="marc">https://recercat.cat/oai/request</request><GetRecord><record><header><identifier>oai:recercat.cat:11351/13870</identifier><datestamp>2025-10-24T10:40:05Z</datestamp><setSpec>com_2072_378070</setSpec><setSpec>com_2072_378040</setSpec><setSpec>col_2072_378092</setSpec></header><metadata><record xmlns="http://www.loc.gov/MARC21/slim" xmlns:dcterms="http://purl.org/dc/terms/" xmlns:xsi="http://www.w3.org/2001/XMLSchema-instance" xmlns:doc="http://www.lyncode.com/xoai" xsi:schemaLocation="http://www.loc.gov/MARC21/slim http://www.loc.gov/standards/marcxml/schema/MARC21slim.xsd">
   <leader>00925njm 22002777a 4500</leader>
   <datafield ind2=" " ind1=" " tag="042">
      <subfield code="a">dc</subfield>
   </datafield>
   <datafield ind2=" " ind1=" " tag="720">
      <subfield code="a">Matas-Ros, María</subfield>
      <subfield code="e">author</subfield>
   </datafield>
   <datafield ind2=" " ind1=" " tag="720">
      <subfield code="a">Roger, Albert</subfield>
      <subfield code="e">author</subfield>
   </datafield>
   <datafield ind2=" " ind1=" " tag="720">
      <subfield code="a">Tabar, Ana I</subfield>
      <subfield code="e">author</subfield>
   </datafield>
   <datafield ind2=" " ind1=" " tag="720">
      <subfield code="a">Buendia, Inmaculada</subfield>
      <subfield code="e">author</subfield>
   </datafield>
   <datafield ind2=" " ind1=" " tag="720">
      <subfield code="a">Garriga Baraut, Teresa</subfield>
      <subfield code="e">author</subfield>
   </datafield>
   <datafield ind2=" " ind1=" " tag="260">
      <subfield code="c">2025-10-16T06:33:59Z</subfield>
   </datafield>
   <datafield ind2=" " ind1=" " tag="260">
      <subfield code="c">2025-10-16T06:33:59Z</subfield>
   </datafield>
   <datafield ind2=" " ind1=" " tag="260">
      <subfield code="c">2025-05-28</subfield>
   </datafield>
   <datafield ind2=" " ind1=" " tag="520">
      <subfield code="a">Dust mite allergy; Immunologic desensitization; Vaccines</subfield>
   </datafield>
   <datafield ind2=" " ind1=" " tag="520">
      <subfield code="a">Al·lèrgia als àcars de la pols; Dessensibilització immunològica; Vacunes</subfield>
   </datafield>
   <datafield ind2=" " ind1=" " tag="520">
      <subfield code="a">Alergia a los ácaros del polvo; Desensibilización inmunológica; Vacunas</subfield>
   </datafield>
   <datafield ind2=" " ind1=" " tag="520">
      <subfield code="a">Background&#xd;
There is an important heterogeneity of the clinical research done to date for allergen immunotherapy (AIT). We plan to assess the safety and efficacy of a house dust mite (HDM) polymerized allergen extract mixture for allergic rhinoconjunctivitis (AR) according to both the EMA and European Academy of Allergy and Clinical Immunology (EAACI) guidelines for the clinical development of products for the treatment of AR.&#xd;
Methods&#xd;
We will perform a double-blind, placebo-controlled, randomized parallel group phase III clinical trial to assess the clinical efficacy and safety of a polymerized Dermatophagoides pteronyssinus and Dermatophagoides farinae allergen extract mixture (Beltavac®) to treat perennial AR in children and adults. Patients with moderate or severe rhinitis symptoms, either associated or not with asthma and confirmed HDM sensitization and without relevant concomitant conditions that may interfere with the planned evaluations test are eligible. Patients will be randomized in a 1:1 ratio to either the active AIT or placebo. The experimental group will receive 12 monthly AIT doses via subcutaneous route with a potency of 2 RC/ml per allergen. The expected sample size is 250 patients from 16 sites in Spain. The main efficacy outcome is the Combined Symptom and Medication Score (CSMS) for rhinitis. It will be patients’ self-assessed and collected through a phone App developed ad hoc for the study to improve the patient adherence and the quality of data. Main secondary outcomes include expanded CSMS for rhinoconjunctivitis symptoms, control of rhinitis, specific IgE and IgG4 values, quality of life, and the number of adverse reactions. Health-related direct and indirect costs will be also evaluated. Finally, several exploratory parameters will be used to assess the severity of asthma.&#xd;
Discussion&#xd;
This phase III clinical trial will be of interest to contribute to the scientific evidence about the efficacy and safety of AIT with allergoids. Our working hypothesis is that the investigational product in patients with AR associated or not with asthma is superior to placebo in providing a clinically significant improvement according to the standards defined by the EAACI. This trial will also supply valuable information about patients reported outcomes using health technology for rhinoconjunctivitis and asthma assessment.&#xd;
Trial registration&#xd;
EudraCT 2018–003427-11.&#xd;
Date on which this record was first entered in the: 2021–06-14.</subfield>
   </datafield>
   <datafield ind2=" " ind1=" " tag="520">
      <subfield code="a">This study is funded by Probelte Pharma S.L.U. with the support of the Spanish Department of Science and Innovation (CDTI Programme).</subfield>
   </datafield>
   <datafield ind1="8" ind2=" " tag="024">
      <subfield code="a">http://hdl.handle.net/11351/13870</subfield>
   </datafield>
   <datafield tag="653" ind2=" " ind1=" ">
      <subfield code="a">Avaluació de resultats (Assistència sanitària)</subfield>
   </datafield>
   <datafield tag="653" ind2=" " ind1=" ">
      <subfield code="a">Rinitis - Tractament</subfield>
   </datafield>
   <datafield tag="653" ind2=" " ind1=" ">
      <subfield code="a">Febre del fenc - Tractament</subfield>
   </datafield>
   <datafield tag="653" ind2=" " ind1=" ">
      <subfield code="a">Immunosupressió</subfield>
   </datafield>
   <datafield tag="653" ind2=" " ind1=" ">
      <subfield code="a">Antígens</subfield>
   </datafield>
   <datafield tag="653" ind2=" " ind1=" ">
      <subfield code="a">Àcars</subfield>
   </datafield>
   <datafield tag="653" ind2=" " ind1=" ">
      <subfield code="a">ANALYTICAL, DIAGNOSTIC AND THERAPEUTIC TECHNIQUES, AND EQUIPMENT::Diagnosis::Prognosis::Treatment Outcome</subfield>
   </datafield>
   <datafield tag="653" ind2=" " ind1=" ">
      <subfield code="a">CHEMICALS AND DRUGS::Biological Factors::Antigens::Antigens, Dermatophagoides</subfield>
   </datafield>
   <datafield tag="653" ind2=" " ind1=" ">
      <subfield code="a">ANALYTICAL, DIAGNOSTIC AND THERAPEUTIC TECHNIQUES, AND EQUIPMENT::Investigative Techniques::Immunologic Techniques::Immunosuppression::Desensitization, Immunologic</subfield>
   </datafield>
   <datafield tag="653" ind2=" " ind1=" ">
      <subfield code="a">DISEASES::Respiratory Tract Diseases::Respiratory Tract Diseases::Respiratory Hypersensitivity::Rhinitis, Allergic</subfield>
   </datafield>
   <datafield tag="653" ind2=" " ind1=" ">
      <subfield code="a">Other subheadings::Other subheadings::/therapy</subfield>
   </datafield>
   <datafield tag="653" ind2=" " ind1=" ">
      <subfield code="a">TÉCNICAS Y EQUIPOS ANALÍTICOS, DIAGNÓSTICOS Y TERAPÉUTICOS::diagnóstico::pronóstico::resultado del tratamiento</subfield>
   </datafield>
   <datafield tag="653" ind2=" " ind1=" ">
      <subfield code="a">COMPUESTOS QUÍMICOS Y DROGAS::factores biológicos::antígenos::antígenos de Dermatophagoides</subfield>
   </datafield>
   <datafield tag="653" ind2=" " ind1=" ">
      <subfield code="a">TÉCNICAS Y EQUIPOS ANALÍTICOS, DIAGNÓSTICOS Y TERAPÉUTICOS::técnicas de investigación::técnicas inmunológicas::inmunosupresión::desensibilización inmunológica</subfield>
   </datafield>
   <datafield tag="653" ind2=" " ind1=" ">
      <subfield code="a">ENFERMEDADES::enfermedades respiratorias::enfermedades respiratorias::hipersensibilidad respiratoria::rinitis alérgica</subfield>
   </datafield>
   <datafield tag="653" ind2=" " ind1=" ">
      <subfield code="a">Otros calificadores::Otros calificadores::/terapia</subfield>
   </datafield>
   <datafield ind2="0" ind1="0" tag="245">
      <subfield code="a">Efficacy and safety of a house dust mites allergoid in patients with allergic rhinitis-PROACAROS study: protocol for a randomized controlled trial</subfield>
   </datafield>
</record></metadata></record></GetRecord></OAI-PMH>